000 00264nam a2200109Ia 4500
008 220204s9999 xx 000 0 und d
082 _a954
_bMAL
100 _aMalgonkar, Manohar
245 0 _aMen who killed Gandhi
260 _aDelhi
_bMacmillan
_c1978
942 _cBK
999 _c29448
_d29448